Employment aspects of planning in underdeveloped economies (Record no. 489395)

MARC details
000 -LEADER
fixed length control field 00706nam a2200205Ia 4500
003 - CONTROL NUMBER IDENTIFIER
control field OSt
005 - DATE AND TIME OF LATEST TRANSACTION
control field 20260310093406.0
008 - FIXED-LENGTH DATA ELEMENTS--GENERAL INFORMATION
fixed length control field 220923b |||||||| |||| 00| 0 eng d
037 ## - SOURCE OF ACQUISITION
Terms of availability Textbook
040 ## - CATALOGING SOURCE
Original cataloging agency RTL
Transcribing agency RTL
Language of cataloging eng
041 ## - LANGUAGE CODE
Source of code eng
Language code of text/sound track or separate title eng
084 ## - COLON CLASSIFICATION NUMBER
Classification number X:9910r75.1(X).N5 J7/TD
Assigning agency RTL
100 ## - MAIN ENTRY--PERSONAL NAME
Personal name Raj, K. N.
9 (RLIN) 127886
245 #0 - TITLE STATEMENT
Title Employment aspects of planning in underdeveloped economies
260 ## - PUBLICATION, DISTRIBUTION, ETC.
Place of publication, distribution, etc. Cairo
Name of publisher, distributor, etc. National Bank of Egypt
Date of publication, distribution, etc. 1957
300 ## - PHYSICAL DESCRIPTION
Extent 48 p.
Other physical details includes bibliographical references and index
490 ## - SERIES STATEMENT
Series statement National Bank of Egypt: Fiftieth Anniversary Commemoration Lectures
942 ## - ADDED ENTRY ELEMENTS (KOHA)
Classification part X:9910r75.1(X).N5, J7/TD
Koha item type Textbook
Source of classification or shelving scheme Colon Classification (CC)
Holdings
Withdrawn status Lost status Source of classification or shelving scheme Damaged status Not for loan Home library Current library Date acquired Total Checkouts Full call number Barcode Date last seen Price effective from Koha item type
    Colon Classification (CC)     Ratan Tata Library Ratan Tata Library 2022-09-25   X:9910r75.1(X).N5 J7/TD RT0411764 2022-09-25 2022-09-25 Textbook
Copyright @ Delhi University Library System